| 000 | 01058nam a2200301 a 4500 | ||
|---|---|---|---|
| 001 | BRCA_8687 | ||
| 005 | 20190320210352.0 | ||
| 008 | 081216s1763----sp-a######---#000-0#sp--# | ||
| 041 | _aspa | ||
| 044 | _asp | ||
| 050 | 4 |
_aVK553 _b.N38 _c1763 |
|
| 245 | 1 | 0 | _aNavegación theorica y practica. |
| 260 |
_a[s.l.] _b[s.i.] _c1763 |
||
| 300 |
_a171 p. _bil. _c30 cm |
||
| 500 | _aFondo antiguo | ||
| 500 | _aSe encuentra en Caja Fuerte | ||
| 500 | _aBM-2 | ||
| 500 | _aCon dedicatoria: a la Virgen más pura madre del mejor hijo reyna de cielos y tierra María ssma. de la azumpcion | ||
| 500 | _aIncluye índice de lo que contiene este libro | ||
| 500 | _aTexto en manuscrito | ||
| 500 | _aIncluye tablas | ||
| 500 | _aEstado físico: se observa daño por polilla | ||
| 500 | _aNota de encuadernación: piel pergamino, tapas y lomo deteriodado | ||
| 506 | 0 | _aFondo reservado: para su consulta es necesario credencial de usuario y carta de motivos | |
| 650 | 1 | 4 |
_aNavegación _eTrabajos anteriores a 1800 _915772 |
| 902 | _aLAR | ||
| 942 |
_2lcc _cB |
||
| 999 |
_c8342 _d8342 |
||